Library of the University of Algiers 3
Ibrahim Sultan Cheibout
شعار جامعة الجزائر 3
مكتبة جامعة الجزائر 3
إبراهيم سلطان شيبوط

الاستثمار في الاقتصاد الاسلامي / (رقم التسجيلة. 42835)

تفاصيل مارك
000 -LEADER
fixed length control field 01357nam a2200193Ia 4500
003 - CONTROL NUMBER IDENTIFIER
control field Ost
005 - DATE AND TIME OF LATEST TRANSACTION
control field 20260507075108.0
008 - FIXED-LENGTH DATA ELEMENTS--GENERAL INFORMATION
fixed length control field 260507s9999||||xx |||||||||||||| ||und||
040 ## - CATALOGING SOURCE
Transcribing agency fsecg
041 ## - LANGUAGE CODE
Language code of text/sound track or separate title ara
082 ## - DEWEY DECIMAL CLASSIFICATION NUMBER
Classification number 330
100 ## - MAIN ENTRY--PERSONAL NAME
Personal name مشهور، اميرة عبد اللطيف
Relator term مؤلف
245 #0 - TITLE STATEMENT
Title الاستثمار في الاقتصاد الاسلامي /
Statement of responsibility, etc. اميرة عبد اللطيف مشهور
260 ## - PUBLICATION, DISTRIBUTION, ETC.
Place of publication, distribution, etc. القاهرة:
Name of publisher, distributor, etc. مكتبة المدبولي,
Date of publication, distribution, etc. 1991
300 ## - PHYSICAL DESCRIPTION
Extent 424 صفحة؛
Dimensions 24 سم
520 ## - SUMMARY, ETC.
Summary, etc. تجد في هذا الكتاب: الإطار النظري لدراسة قضايا الإقتصاد الإسلامي الجزء الأول: الدوافع المباشرة للإستثمار في الإسلام. الجزء الثاني: الضوابط الشرعية للاستثمار. الفصل الأول: تحريم االربا. الفصل الثاني: ضوابط أخرى. الجزء الثالث: الصيغ الشرعية للاستثمار في الإسلام. الفصل الأول: عقود المشاركات. الفصل الثاني: عقد المضاربة أو التراضي. الفصل الثالث: عقد البيع. الفصل الرابع: الصيغة المؤسسية للإستثمار الإسلامي.
653 ## - INDEX TERM--UNCONTROLLED
Uncontrolled term اقتصاد اسلامي - استثمار
942 ## - ADDED ENTRY ELEMENTS (KOHA)
Koha item type كتب
المقتنيات
Withdrawn status Lost status Source of classification or shelving scheme Damaged status Not for loan Home library Current library Date acquired Serial enumeration / chronology Inventory number Total checkouts Full call number Barcode Date last seen Price effective from Koha item type
    Dewey Decimal Classification   NOT LOAN / إعارة داخلية مكتبة كلية العلوم الإقتصادية والعلوم التجارية وعلوم التسيير مكتبة كلية العلوم الإقتصادية والعلوم التجارية وعلوم التسيير 07/05/2026 الطابق الأرضي 1406/1   أ/1406ن1 1406/1 07/05/2026 07/05/2026 كتب

موارد الويب المفتوحة


© University of Algiers 3 All Rights Reserved
|
Implemented by LECHELAH Riad